000 00755cab a2200253 4500
001 ABS49174
008 090401t1993 xxu||||| |||| 00| 0 eng d
035 _a(Sirsi) u70255
041 _aeng
100 _aGoodwin, M.
245 _aFurther developments in terrorism insurance
260 _c1993
350 _a0
490 _aCSM (Chartered Surveyor Monthly)
_v3(1) September 1993, 4(1)
520 _aReviews developments in the government-based scheme for terrorism insurance and looks at options for further change.
650 _aBOMBS
650 _aPOOL RE
650 _aPREMIUMS
650 _aREINSTATEMENT (ACTS OF TERRORISM) ACT 1993
650 _aTERRORISM COVER
690 _aInsurance
_96249
942 _n0
948 _c04/03/1997
999 _c44184
_d44184